| 000 | 00904 a2200193 4500 | ||
|---|---|---|---|
| 020 | _a0324007620 | ||
| 020 | _a9780324007626 | ||
| 090 |
_c2214 _d2214 |
||
| 100 | 1 | _aKlooster, Dale. | |
| 245 | 1 | 0 |
_aIntegrated accounting for windows : _bwith spreadsheet applications/book and disk / _cDale Klooster. |
| 250 | _a2nd Bk&Dk ed. | ||
| 260 |
_a[S.l.] : _bSouth-Western Pub, _c1999. |
||
| 300 |
_a1 v. (unpaged) ; _c28 cm. |
||
| 500 | _aPaperback. | ||
| 520 | _aThis product is appropriate for use in the first computerized accounting course predominately taught at career and community colleges. No prior knowledge of computers or computerized accounting is required to use this text. | ||
| 856 | 4 | 0 |
_3Amazon.com _uhttp://www.amazon.com/exec/obidos/ASIN/0324007620/chopaconline-20 |
| 856 | 4 | 0 |
_3Amazon customer reviews _uhttp://www.chopac.org/cgi-bin/tools/azrev.pl?q=0324007620 |
| 942 |
_aNBS _cBK _k657 KLO |
||
| 999 |
_c344716 _d344716 |
||